| 000 | 00748nam a2200313Ia 4500 | ||
|---|---|---|---|
| 008 | 210210b2004 xxu||||| |||| 00| 0 eng d | ||
| 020 | _a8185495777 | ||
| 041 | _aeng | ||
| 082 | _a341.481 RAYN | ||
| 100 | _aRAY (Arun). | ||
| 245 |
_aNational human rights commission of India. Ed. 2. _bFormation, functioning and future prospects. |
||
| 250 | _a | ||
| 260 |
_aNew Delhi _bKamala Publishers _c2004 |
||
| 300 | _a709 | ||
| 440 | _aII | ||
| 650 | _arights | ||
| 650 | _aprospects. | ||
| 650 | _aof | ||
| 650 | _aNational | ||
| 650 | _aIndia. | ||
| 650 | _ahuman | ||
| 650 | _afuture | ||
| 650 | _afunctioning | ||
| 650 | _aFormation, | ||
| 650 | _acommission | ||
| 650 | _aand | ||
| 690 | _aHuman Rights | ||
| 906 | _a060149 | ||
| 999 |
_c115837 _d115837 |
||